| 000 | 00320nam a22001337a 4500 | ||
|---|---|---|---|
| 020 | _qHP. | ||
| 040 | _cFIZZA ISHAQ | ||
| 082 |
_a005.43 _bDHA |
||
| 100 |
_a M, DHANANJAY. _985048 |
||
| 245 |
_aOPERATING SYSTEM / _cDHANANJAY M. |
||
| 260 |
_aMC. GROW HILL. _bNEW YORK : _c2009. |
||
| 300 | _a828 P. ; | ||
| 942 |
_2ddc _cBK |
||
| 999 |
_c586872 _d586872 |
||